000 00260nam a22001217a 4500
008 181105b xxu||||| |||| 00| 0 eng d
041 _aeng
080 _26th
_a610
100 _a4
101 _ashm
245 _aThe Merick Manual
_cBekov.r
942 _2udc
_cBK
999 _c51844
_d51844